| 000 -ლიდერი |
| ფიქსირებული სიგრძის საკონტროლო ველი |
01434nam a22002537a 4500 |
| 003 - საკონტროლო ნომრის იდენტიფიკატორი |
| საკონტროლო ველი |
Ge_BSU |
| 005 - ბოლო ოპერაციის თარიღი და დრო |
| საკონტროლო ველი |
20190516163202.0 |
| 008 - ფიქსირებული სიგრძის მონაცემთა ელემენტები - ზოგადი ინფორმაცია |
| ფიქსირებული სიგრძის საკონტროლო ველი |
190411b xxu||||| |||| 00| 0 geo d |
| 020 ## - წიგნის საერთაშორისო სტანდარტული ნომერი |
| International Standard Book Number |
9789941473937 |
| 041 ## - ენის კოდი |
| Language code of text/sound track or separate title |
geo |
| 080 ## - უნივერსალური ათობითი კლასიფიკაციის ინდექსი |
| Universal Decimal Classification number |
392(=353.1)+316.752 |
| 100 ## - მთავარი ჩანაწერი - პიროვნების სახელი |
| Personal name |
მელიქიშვილი, ლია. |
| 9 (RLIN) |
159 |
| 245 ## - ცნობა სათაურის შესახებ |
| Title |
ღირებულების როლი ეთნოკულტურულ პროცესებში : Роль ценностей в этнокультурных процессах : The Roll of values in ethnocultural processes./ |
| Statement of responsibility, etc |
ლია მელიქიშვილი, რედ.თამილა ცაგარეიშვილი. |
| 264 ## - წარმოების, გამოცემის, დისტრიბუციის და სხვა ცნობები |
| გამოცემის, წარმოების, დისტრიბუციის... ადგილი |
თბილისი : |
| გამოცემის, წარმოების, დისტრიბუციის... თარიღი |
მწიგნობარი, |
| გამოცემის, წარმოების, დისტრიბუციის... სახელწოდება |
2018. |
| 300 ## - ფიზიკური აღწერა |
| Extent |
168 გვ .; |
| Other physical details |
21 სმ. |
| 504 ## - BIBLIOGRAPHY, ETC. NOTE |
| Bibliography, etc |
ბიბლიოგრაფ. გვ: 163-167 |
| 546 ## - LANGUAGE NOTE |
| Information code or alphabet |
ტექსტი ქართულ, რუსულ,ინგლისურ ენაზე. |
| 653 ## - INDEX TERM--UNCONTROLLED |
| Uncontrolled term |
ეთნოლოგია, |
| 653 ## - INDEX TERM--UNCONTROLLED |
| Uncontrolled term |
სოციოლოგია |
| 700 ## - ADDED ENTRY--PERSONAL NAME |
| Personal name |
მელიქიშვილი,ლია |
| 9 (RLIN) |
150 |
| 700 ## - ADDED ENTRY--PERSONAL NAME |
| Personal name |
ცაგარეიშვილი,თამილა |
| 9 (RLIN) |
151 |
| 710 ## - ADDED ENTRY--CORPORATE NAME |
| Corporate name or jurisdiction name as entry element |
კავკასიის ხალხთა საერთაშორისო სამეცნიერო-კვლევითი ინსტიტუტი |
| 9 (RLIN) |
158 |
| 942 ## - ADDED ENTRY ELEMENTS (KOHA) |
| Source of classification or shelving scheme |
|
| Koha item type |
წიგნი |